000 00395nam a22001457a 4500
005 20200612112323.0
008 200612b xxu||||| |||| 00| 0 eng d
082 _a345.4, AIR
110 _aALL INDIA REPORTER,
_96018
245 _aALL INDIA REPORTER, [2003] [VOL-90] ORISSA SECTION
260 _aBOMBAY
_bALL INDIA REPORTER, PVT, LTD.
300 _a376;p
650 _aLAW
_95701
942 _cJRL
999 _c7077
_d7075